MARC

Tag First Indicator Second Indicator Subfields
LEADER 00000pam a2200000 a 4500
001 in00000084156
005 20151008055705.0
008 811027s1981 nyua b 10100 eng
010 |a  81019871  
020 |a 0306408864 
035 |a (OCoLC)07944716 
035 |9 AAJ4126AM 
039 0 |a 2  |b 3  |c 3  |d 3  |e 3 
040 |a DLC  |c DLC  |d TXA  |d UtOrBLW 
049 |a TXAM  |c [1804574] 
050 0 0 |a QH467  |b .C47 1981 
082 0 |a 574.87/322  |2 19 
245 0 0 |a Chromosome damage and repair /  |c edited by Erling Seeberg and Kjell Kleppe. 
264 1 |a New York :  |b Plenum Press,  |c [1981] 
264 4 |c ©1981 
300 |a xiv, 623 pages :  |b illustrations ;  |c 26 cm. 
336 |a text  |b txt  |2 rdacontent 
337 |a unmediated  |b n  |2 rdamedia 
338 |a volume  |b nc  |2 rdacarrier 
490 1 |a NATO advanced study institutes series. Series A, Life sciences ;  |v v. 40 
500 |a "Proceedings of a NATO advanced study institute and an EMBO lecture course on chromosome damage and repair held at Godysund Fjord Hotel, near Bergen, on May 27-June 5, 1980"--Title page verso. 
500 |a "Published in cooperation with NATO Scientific Affairs Division." 
504 |a Includes bibliographical references and indexes. 
650 0 |a DNA repair  |v Congresses. 
650 0 |a Chromosome replication  |x Congresses. 
650 0 |a Mutagenesis  |v Congresses. 
700 1 |a Seeberg, Erling. 
700 1 |a Kleppe, Kjell. 
710 2 |a European Molecular Biology Organization. 
710 2 |a North Atlantic Treaty Organization.  |b Scientific Affairs Division. 
830 0 |a NATO advanced study institutes series.  |n Series A,  |p Life sciences ;  |v v. 40. 
999 |a MARS 
999 f f |s 9ee8adaf-4d02-3a3f-b6f3-39566bda916e  |i 4e8805ee-2af6-3215-9080-911e8d71775e  |t 0 
952 f f |p ric  |a Texas A&M University  |b Rellis Campus  |c Joint Library Facility  |d Remote Storage  |t 0  |e QH467 .C47 1981  |h Library of Congress classification  |i unmediated -- volume  |m A14806217173 
998 f f |a QH467 .C47 1981  |t 0  |l Remote Storage